LEADER 01584nam a2200337 i 4500 001 000000161493 003 CaOOAMICUS 005 20070518000000.0 008 070518s2007 it u000 u ita u 013 $a138856 020 $a978-88-16-40765-7 040 $aSeMil$bita 100 1 $aMarion, Jean-Luc,$d<1946- >.$0(OLS)http://semarc/name/2629 240 13$aLe visible et le révélé.$0(OLS)http://semarc/title/144620 245 13$aIl visibile e il rivelato /$cJean-Luc Marion ; ed. italiana a cura di Carla Canullo ; prefazione di Gianfranco Dalmasso. 260 $aMilano :$bJaca Book,$c2007. 300 $aXVI, 175 p. ;$c23 cm. 490 0 $aDi fronte e attraverso ;$v765 650 4$aFenomenologia - Filosofia.$0(OLS)http://semarc/subject/1114 650 4$aRivelazione - Filosofia.$0(OLS)http://semarc/subject/9081 650 4$aFenomenologia della Rivelazione.$0(OLS)http://semarc/subject/17616 650 4$aTeologia e fenomenologia.$0(OLS)http://semarc/subject/11688 700 1 $aDalmasso, Gianfranco,$d<1943- >.$0(OLS)http://semarc/name/10967 700 1 $aCanullo, Carla.$0(OLS)http://semarc/name/42210 830 0$aDi fronte e attraverso ;$v765.$0(OLS)http://semarc/title/6486 850 $aSeMil 852 $aSeMil$W1$xVenegono$y1$m2P VI 331$j112891$B112891$CSeMilBibl$Z2$F123886 $81 961 $aAcquisto: Cittŕ Nuova (Agente) 996 $6020$a978-88-16-40765-7$9(OLS)http://semarc/number/77553 996 $6245$aIl visibile e il rivelato$9(OLS)http://semarc/title/144619 996 $6260$aMilano :$bJaca Book$9(OLS)http://semarc/publisher/29781 LEADER 00619nam a2200181 i 4500 001 000000103658 003 CaOOAMICUS 005 20011010000000.0 008 011010s1967 gw u000 u lat u 013 $a75836 040 $aSeMil$bita 245 10$aSim-Z. 300 $a945 p. 773 0 $tProverbia sententiaeque latinitatis Medii Aevi.$gTeil5$w()1017 773 0 $tCarmina Medii aevi posterioris latina.$dGöttingen : Vandenhoeck & Ruprecht, 1959.$g2$w()6715 850 $aSeMil 852 $aSeMil$W1$xVenegono$y1$mSL1.C II 5$j60118$B60118$CSeMilBibl$Z2$F44589 $8I 996 $6245$aSim-Z$9(OLS)http://semarc/title/150464